[Event "4NCL/Div2/HKF1 vs. PYO"]
[Site "West Bromwich ENG"]
[Date "2005.04.30"]
[Round "9.8"]
[White "Thilaganathan, Jessica"]
[Black "Parmar, Amisha"]
[Result "0-1"]
[WhiteElo "1745"]
[BlackElo "1946"]
[PlyCount "62"]
[EventDate "2005.04.30"]
[SourceDate "2004.09.21"]

1. d4 Nf6 2. Nf3 g6 3. e3 Bg7 4. b3 c5 5. Bb2 Ne4 6. Nbd2 d5 7. c4 O-O 8. cxd5
Nxd2 9. Qxd2 Qxd5 10. Rd1 Rd8 11. Bc3 Nc6 12. Bc4 Qh5 13. Qb2 cxd4 14. exd4 b5
15. Be2 Qd5 16. Qd2 Bb7 17. Qe3 Rd6 18. h3 Re6 19. Qg5 Qe4 20. Qd2 b4 21. Ba1
Bh6 22. Qd3 Qxd3 23. Rxd3 Ba6 24. d5 Re4 25. Kd1 Na5 26. g3 Rd8 27. Ng1 Bxd3
28. Bxd3 Rxd5 29. Kc2 Rc5+ 30. Kb2 Bg7+ 31. Kb1 Re1# 0-1

[Event "4NCL/Div2/WWKS1 vs. KHE"]
[Site "West Bromwich ENG"]
[Date "2005.05.02"]
[Round "11.1"]
[White "Mason, Don"]
[Black "McMichael, Richard"]
[Result "1/2-1/2"]
[WhiteElo "2255"]
[BlackElo "2272"]
[PlyCount "116"]
[EventDate "2005.05.02"]
[SourceDate "2004.09.21"]

1. e4 e6 2. d4 d5 3. Nd2 dxe4 4. Nxe4 Bd7 5. Nf3 Bc6 6. Bd3 Nd7 7. O-O Ngf6 8.
Ng3 h5 9. Re1 Be7 10. h3 Bxf3 11. Qxf3 c6 12. c3 Kf8 13. Bf4 Qa5 14. b4 Qd8 15.
Rad1 Kg8 16. Be5 Qf8 17. b5 Rc8 18. bxc6 Rxc6 19. Bb5 Rb6 20. Bxd7 Nxd7 21.
Nxh5 Nxe5 22. dxe5 Rh6 23. Rd7 Qe8 24. Red1 Rb2 25. Nf4 Rxa2 26. Qxb7 Bg5 27.
Rc7 Qa4 28. Qb8+ Kh7 29. Qb1+ Qc2 30. Qxc2+ Rxc2 31. Nd3 Kg6 32. Nb4 Rd2 33.
Ra1 Bd8 34. Rcxa7 Bb6 35. R7a2 Bxf2+ 36. Kf1 Rxa2 37. Rxa2 Bg3 38. Nd3 Rh4 39.
Ke2 Rc4 40. Kd2 Re4 41. Rb2 Bxe5 42. Rb4 Rxb4 43. Nxe5+ Kf5 44. cxb4 Kxe5 45.
Kd3 Kd5 46. h4 f5 47. h5 e5 48. g3 Kc6 49. Kc4 Kb6 50. Kd5 e4 51. Kd4 Kb5 52.
g4 fxg4 53. Kxe4 g3 54. Kf3 g2 55. Kxg2 Kxb4 56. Kf3 Kc5 57. Ke4 Kd6 58. Kf5
Ke7 1/2-1/2

[Event "4NCL/Div2/WWKS1 vs. KHE"]
[Site "West Bromwich ENG"]
[Date "2005.05.02"]
[Round "11.2"]
[White "Thomas, Richard H"]
[Black "Dighton, Simon"]
[Result "1/2-1/2"]
[WhiteElo "2232"]
[BlackElo "2243"]
[PlyCount "49"]
[EventDate "2005.05.02"]
[SourceDate "2004.09.21"]

1. d4 Nf6 2. c4 e6 3. g3 d5 4. Bg2 Be7 5. Nf3 O-O 6. O-O dxc4 7. Na3 Bxa3 8.
bxa3 Bd7 9. Ne5 Bc6 10. Nxc6 Nxc6 11. Bb2 Nd5 12. Rc1 Nb6 13. e3 Qd6 14. Qh5
Rab8 15. Rfd1 Na4 16. Ba1 Qxa3 17. d5 exd5 18. Bxd5 c3 19. Bb3 Rbd8 20. Qg4
Rxd1+ 21. Rxd1 Nb2 22. Rd5 Na5 23. Rg5 Nxb3 24. Rxg7+ Kh8 25. Rxh7+ 1/2-1/2

[Event "4NCL/Div2/WWKS1 vs. KHE"]
[Site "West Bromwich ENG"]
[Date "2005.05.02"]
[Round "11.3"]
[White "Thomas, Nicholas"]
[Black "Kwiatkowski, Feliks J"]
[Result "1-0"]
[WhiteElo "2216"]
[BlackElo "2229"]
[PlyCount "107"]
[EventDate "2005.05.02"]
[SourceDate "2004.09.21"]

1. e4 c5 2. c3 d5 3. exd5 Nf6 4. Bb5+ Bd7 5. Bxd7+ Qxd7 6. c4 e6 7. Qe2 Bd6 8.
Nf3 O-O 9. dxe6 fxe6 10. Nc3 Nc6 11. d3 e5 12. Be3 Nd4 13. Bxd4 exd4 14. Ne4
Nxe4 15. dxe4 Rae8 16. Nd2 Bf4 17. f3 d3 18. Qf2 Bxd2+ 19. Qxd2 Qd4 20. O-O-O
Qxc4+ 21. Kb1 Rd8 22. Rc1 Qd4 23. Qc3 b6 24. Rhd1 Rf7 25. b3 Rfd7 26. Qxd4 Rxd4
27. Rc3 d2 28. Kc2 a5 29. Rc4 Rd3 30. f4 Kf7 31. e5 Ke6 32. Re4 Kf5 33. Re2
Kxf4 34. e6 R3d6 35. e7 Re8 36. Rdxd2 Rxd2+ 37. Kxd2 Kf5 38. Kc3 b5 39. a4 bxa4
40. bxa4 Kf6 41. Kc4 Rxe7 42. Rxe7 Kxe7 43. Kxc5 Ke6 44. Kb5 Kd5 45. Kxa5 Kc5
46. Ka6 Kc6 47. Ka7 Kc7 48. g4 h6 49. h4 g6 50. g5 h5 51. a5 Kc6 52. Kb8 Kb5
53. Kc7 Kxa5 54. Kd6 1-0

[Event "4NCL/Div2/WWKS1 vs. KHE"]
[Site "West Bromwich ENG"]
[Date "2005.05.02"]
[Round "11.4"]
[White "Guthrie, David"]
[Black "Hynes, Anthony"]
[Result "1-0"]
[WhiteElo "2170"]
[BlackElo "2247"]
[PlyCount "65"]
[EventDate "2005.05.02"]
[SourceDate "2004.09.21"]

1. d4 Nf6 2. c4 g6 3. Nc3 Bg7 4. e4 d6 5. Be2 O-O 6. Nf3 e5 7. O-O Nc6 8. d5
Ne7 9. Nd2 Nd7 10. b4 f5 11. c5 Nf6 12. f3 f4 13. Nc4 h5 14. a4 g5 15. h3 Rf7
16. Ba3 Bf8 17. b5 Ng6 18. b6 axb6 19. cxb6 c5 20. dxc6 bxc6 21. Bxd6 Ba6 22.
Bxf8 Qxf8 23. Qd6 Qe8 24. Qc5 g4 25. Nd6 Qf8 26. b7 Rd8 27. Bxa6 Rxd6 28. Bc4
gxh3 29. Rad1 Nd5 30. Nxd5 cxd5 31. Rxd5 hxg2 32. Rxd6 gxf1=Q+ 33. Kxf1 1-0

[Event "4NCL/Div2/WWKS1 vs. KHE"]
[Site "West Bromwich ENG"]
[Date "2005.05.02"]
[Round "11.5"]
[White "Hunt, Malcolm A"]
[Black "Lewis, Alex"]
[Result "0-1"]
[WhiteElo "2143"]
[BlackElo "2145"]
[PlyCount "150"]
[EventDate "2005.05.02"]
[SourceDate "2004.09.21"]

1. d4 Nf6 2. Nf3 g6 3. h3 Bg7 4. Bf4 O-O 5. e3 d6 6. c4 Nbd7 7. Nc3 Re8 8. Be2
b6 9. O-O Bb7 10. Re1 Ne4 11. Nxe4 Bxe4 12. Nd2 Bb7 13. Bf3 Bxf3 14. Nxf3 c5
15. Qc2 Qc7 16. d5 Rab8 17. a4 a6 18. Ra2 b5 19. axb5 axb5 20. b3 bxc4 21. bxc4
Rb4 22. e4 Reb8 23. Bd2 Rb3 24. Re3 Rb1+ 25. Re1 R1b7 26. Bc3 Bxc3 27. Qxc3 f6
28. Rea1 Rb1+ 29. Rxb1 Rxb1+ 30. Kh2 Qb8 31. Qa5 Kf7 32. Qd2 Kg7 33. Qa5 Rb4
34. Nd2 Ne5 35. Qa6 Rb2 36. Nf3 Rb6 37. Qa5 Nxc4 38. Qc3 Ne5 39. Nxe5 fxe5 40.
f4 Rb3 41. Qa1 Rb1 42. Qc3 Rb3 43. Qa1 Qf8 44. Rf2 Qf6 45. Qf1 Ra3 46. f5 Qh4
47. fxg6 Qg3+ 48. Kg1 Qxg6 49. Qb1 Qg3 50. Rf1 Qb3 51. Qxb3 Rxb3 52. Kf2 e6 53.
dxe6 Kf6 54. Ra1 Rb7 55. Ra8 Kxe6 56. Re8+ Kd7 57. Rh8 Kc6 58. g4 c4 59. g5 Kc5
60. Ke3 Rb3+ 61. Kd2 Kd4 62. Rxh7 c3+ 63. Kc1 Kd3 64. Rd7 Rb6 65. Ra7 Rb8 66.
Rd7 Rb6 67. Ra7 Kxe4 68. Kc2 d5 69. Kxc3 d4+ 70. Kc2 d3+ 71. Kc1 Ke3 72. Ra2
Rc6+ 73. Kd1 Rc8 74. h4 Rf8 75. Ke1 Rb8 0-1

[Event "4NCL/Div2/WWKS1 vs. KHE"]
[Site "West Bromwich ENG"]
[Date "2005.05.02"]
[Round "11.6"]
[White "Okike, David C"]
[Black "Baruch, Andrew J D"]
[Result "1-0"]
[WhiteElo "2158"]
[BlackElo "2103"]
[PlyCount "97"]
[EventDate "2005.05.02"]
[SourceDate "2004.09.21"]

1. e4 Nf6 2. e5 Nd5 3. d4 d6 4. Nf3 g6 5. Bc4 c6 6. O-O Bg7 7. exd6 Qxd6 8. c3
Bg4 9. h3 Bxf3 10. Qxf3 Nd7 11. Nd2 N7f6 12. Re1 O-O 13. Ne4 Nxe4 14. Qxe4 e6
15. Bg5 b5 16. Bb3 a5 17. a3 b4 18. cxb4 axb4 19. a4 Rfc8 20. Ra2 c5 21. dxc5
Qxc5 22. Qh4 Rc7 23. Rd1 Rd7 24. Bh6 Bxh6 25. Qxh6 Rad8 26. Raa1 Ne7 27. Rxd7
Rxd7 28. Qf4 Rd4 29. Qc1 Qa7 30. Bc4 Nf5 31. b3 Nd6 32. Be2 Ne4 33. Qe3 Nc3 34.
Bf3 Qd7 35. Qe5 Nd1 36. Qe1 Nc3 37. a5 Nb5 38. a6 Na3 39. Rd1 e5 40. Rxd4 Qxd4
41. Qe3 Qa1+ 42. Kh2 Nb5 43. Qb6 e4 44. Qxb5 exf3 45. Qb8+ Kg7 46. a7 Qf1 47.
Qe5+ f6 48. Qe7+ Kh6 49. Qe3+ 1-0

[Event "4NCL/Div2/WWKS1 vs. KHE"]
[Site "West Bromwich ENG"]
[Date "2005.05.02"]
[Round "11.7"]
[White "McCumiskey, Andrew"]
[Black "Mackenzie, Colin"]
[Result "1-0"]
[WhiteElo "2100"]
[BlackElo "2144"]
[PlyCount "111"]
[EventDate "2005.05.02"]
[SourceDate "2004.09.21"]

1. d4 e6 2. c4 Nf6 3. Nc3 Bb4 4. Nf3 O-O 5. Qc2 c5 6. e3 d5 7. Bd3 dxc4 8. Bxc4
Qc7 9. O-O Bxc3 10. bxc3 b6 11. Ba3 Nbd7 12. Rac1 Bb7 13. Qe2 a6 14. Bd3 e5 15.
e4 Qc6 16. d5 Qa4 17. Bb2 c4 18. Bxc4 Rfe8 19. Nd2 Nc5 20. Bb3 Qd7 21. c4 Qd6
22. Bc2 Nfd7 23. Nb3 Na4 24. Ba1 a5 25. Nd4 exd4 26. Bxa4 Nc5 27. Bxe8 Rxe8 28.
f3 d3 29. Qf2 Ba6 30. Rfd1 Rc8 31. Qd4 Qh6 32. Rb1 Nd7 33. Rbc1 Nc5 34. f4 f6
35. e5 Qg6 36. exf6 gxf6 37. Qxf6 Qxf6 38. Bxf6 Ne4 39. Bd4 d2 40. Rc2 Rxc4 41.
Rxc4 Bxc4 42. d6 Kf7 43. Bxb6 Ke6 44. Bxa5 Be2 45. Rxd2 Nxd2 46. Bxd2 Kxd6 47.
a4 Ke6 48. Kf2 Ba6 49. g4 h5 50. h3 hxg4 51. hxg4 Kd5 52. Ke3 Ke6 53. Bc3 Kd5
54. f5 Kc4 55. f6 Bc8 56. f7 1-0

[Event "4NCL/Div2/WWKS1 vs. KHE"]
[Site "West Bromwich ENG"]
[Date "2005.05.02"]
[Round "11.8"]
[White "Sandu, Mihaela"]
[Black "Chevannes, Sabrina"]
[Result "1-0"]
[WhiteElo "2148"]
[BlackElo "2089"]
[PlyCount "68"]
[EventDate "2005.05.02"]
[SourceDate "2004.09.21"]

1. e4 c6 2. c4 d5 3. exd5 cxd5 4. cxd5 Nf6 5. Nc3 g6 6. d4 Bg7 7. Qb3 O-O 8.
Nf3 Nbd7 9. Bb5 Nb6 10. O-O Nbxd5 11. Re1 Nb6 12. Bf4 Bg4 13. Be2 Be6 14. Qa3
Nh5 15. Bg5 Nf6 16. Rad1 h6 17. Bf4 Nfd5 18. Be5 a6 19. Ne4 Nd7 20. Bxg7 Kxg7
21. Nc5 Rb8 22. Nxe6+ fxe6 23. Bc4 Kf7 24. Ne5+ Nxe5 25. Rxe5 b5 26. Bxd5 exd5
27. Rde1 Re8 28. Qf3+ Kg7 29. Rxd5 Qc7 30. Rde5 Rb6 31. Qe3 Rb7 32. h4 Qd7 33.
Re6 Qc7 34. h5 Rb6 {time} 1-0

[Event "4NCL/Div2/MIN1 vs. SLOS1"]
[Site "West Bromwich ENG"]
[Date "2005.05.02"]
[Round "11.1"]
[White "Bellin, Robert"]
[Black "Pert, Nicholas"]
[Result "1-0"]
[WhiteElo "2397"]
[BlackElo "2498"]
[PlyCount "143"]
[EventDate "2005.05.02"]
[SourceDate "2004.09.21"]

1. e4 e6 2. d4 d5 3. Nc3 Bb4 4. e5 c5 5. a3 Bxc3+ 6. bxc3 Qa5 7. Bd2 Qa4 8. Qb1
c4 9. Nh3 f6 10. f4 Nc6 11. Be2 f5 12. O-O Nge7 13. Bh5+ g6 14. Bf3 h6 15. Be1
b6 16. Bh4 Bd7 17. Bf6 Rh7 18. Ra2 O-O-O 19. Qe1 Rf8 20. Be2 Kc7 21. Qh4 Rff7
22. Qg3 b5 23. Rfa1 Be8 24. Qe1 Nc8 25. Nf2 Nb6 26. Nd1 Qa5 27. Nb2 Nb8 28. Qd2
Bc6 29. Kh1 N8d7 30. Bh4 Rf8 31. Rg1 Kb7 32. h3 Rg7 33. Kh2 Rfg8 34. g4 g5 35.
gxf5 gxh4 36. Rxg7 Rxg7 37. fxe6 Rg3 38. Nd1 Nf8 39. f5 Nh7 40. Qxh6 Ng5 41.
Bg4 Ne4 42. Qxh4 Ka6 43. f6 Rxc3 44. f7 Rxa3 45. Rxa3 Qxa3 46. e7 Qc1 47. f8=Q
Qxc2+ 48. Kh1 c3 49. Qfh6 Be8 50. Qe1 Qb1 51. Bc8+ Ka5 52. Qhe3 b4 53. Nxc3
Qxe1+ 54. Qxe1 bxc3 55. Bf5 Kb4 56. Bxe4 dxe4 57. Qxe4 Kb3 58. Qb1+ Kc4 59. Qd1
Nd5 60. h4 Nxe7 61. h5 Bc6+ 62. Kh2 Be4 63. Qa4+ Kd3 64. Qa3 Nd5 65. e6 a5 66.
e7 Nxe7 67. Qxe7 c2 68. Qa3+ Ke2 69. Qc1 Kd3 70. Kg3 a4 71. Kf4 Bh7 72. d5 1-0

[Event "4NCL/Div2/MIN1 vs. SLOS1"]
[Site "West Bromwich ENG"]
[Date "2005.05.02"]
[Round "11.2"]
[White "Gwaze, Robert"]
[Black "Radovanovic, Jovica"]
[Result "1/2-1/2"]
[WhiteElo "2409"]
[BlackElo "2340"]
[PlyCount "35"]
[EventDate "2005.05.02"]
[SourceDate "2004.09.21"]

1. e4 e5 2. Nf3 Nc6 3. Bb5 Nf6 4. d3 Bc5 5. O-O Qe7 6. c3 Bb6 7. d4 O-O 8. Bxc6
bxc6 9. Nxe5 d6 10. Nxc6 Qxe4 11. Nb4 Re8 12. Nd2 Qg6 13. Nf3 Bb7 14. Bf4 c5
15. Nd3 Ba6 16. Nfe1 cxd4 17. cxd4 Bxd4 18. Qa4 1/2-1/2

[Event "4NCL/Div2/MIN1 vs. SLOS1"]
[Site "West Bromwich ENG"]
[Date "2005.05.02"]
[Round "11.4"]
[White "Jones, Gawain C B"]
[Black "Bae, Torstein"]
[Result "1-0"]
[WhiteElo "2439"]
[BlackElo "2273"]
[PlyCount "59"]
[EventDate "2005.05.02"]
[SourceDate "2004.09.21"]

1. e4 e5 2. Nf3 Nc6 3. Nc3 Nf6 4. a3 g6 5. Nxe5 Nxe5 6. d4 Nc6 7. d5 Nb8 8. e5
Ng8 9. d6 c6 10. Bc4 Qh4 11. Qe2 Bh6 12. g3 Qh5 13. g4 Qh3 14. Bxh6 Nxh6 15.
Ne4 Kd8 16. Nf6 b6 17. O-O-O Qh4 18. Rhg1 Qg5+ 19. Kb1 Ng8 20. f4 Qxf4 21. Rgf1
Qg5 22. Bxf7 Ba6 23. c4 Nxf6 24. exf6 Kc8 25. Bg8 Rxg8 26. f7 Qd8 27. fxg8=Q
Qxg8 28. Qe7 Bxc4 29. Rf8+ Kb7 30. Qd8 1-0

[Event "4NCL/Div2/MIN1 vs. SLOS1"]
[Site "West Bromwich ENG"]
[Date "2005.05.02"]
[Round "11.5"]
[White "Richards, Heather"]
[Black "Muir, Andrew J"]
[Result "1/2-1/2"]
[WhiteElo "2183"]
[BlackElo "2322"]
[PlyCount "56"]
[EventDate "2005.05.02"]
[SourceDate "2004.09.21"]

1. e4 c5 2. c3 d5 3. exd5 Qxd5 4. d4 Nf6 5. Nf3 Nc6 6. Be3 e5 7. dxc5 Qxd1+ 8.
Kxd1 Ng4 9. b4 a5 10. Bb5 Bd7 11. Bxc6 Bxc6 12. Nbd2 b6 13. Nc4 axb4 14. Nfxe5
Ba4+ 15. Kc1 Nxe5 16. Nxe5 bxc3 17. Re1 Be7 18. Nc4 Ra6 19. Bg5 f6 20. Bf4 Kd7
21. cxb6 Rc8 22. b7 Rxc4 23. Rxe7+ Kxe7 24. b8=Q Rd4 25. Qc7+ Ke8 26. Qc8+ Kf7
27. Qxc3 Rc6 28. Qxc6 Bxc6 1/2-1/2

[Event "4NCL/Div2/MIN1 vs. SLOS1"]
[Site "West Bromwich ENG"]
[Date "2005.05.02"]
[Round "11.6"]
[White "Gourlay, Iain"]
[Black "Muter, Donny"]
[Result "1-0"]
[WhiteElo "2316"]
[BlackElo "2118"]
[PlyCount "67"]
[EventDate "2005.05.02"]
[SourceDate "2004.09.21"]

1. Nf3 d6 2. c4 c6 3. d4 Nf6 4. Nc3 Bg4 5. e4 Nbd7 6. h3 Bxf3 7. Qxf3 e5 8. d5
Be7 9. Be2 a6 10. O-O O-O 11. Bd3 Ne8 12. b3 Bg5 13. Bb2 Qe7 14. g3 g6 15. Qg2
Ng7 16. f4 exf4 17. gxf4 Bf6 18. Rae1 Bd4+ 19. Kh1 Rae8 20. dxc6 bxc6 21. Nd5
cxd5 22. Bxd4 dxe4 23. Bxe4 Qh4 24. Qg4 Qd8 25. Qf3 Qh4 26. Qg4 Qd8 27. Qf3 Qh4
28. Bf2 Qf6 29. Rd1 Nf5 30. Bxf5 Qxf5 31. Rxd6 Nf6 32. Bd4 Nh5 33. Rd5 Qc8 34.
Rxh5 1-0

[Event "4NCL/Div2/MIN1 vs. SLOS1"]
[Site "West Bromwich ENG"]
[Date "2005.05.02"]
[Round "11.7"]
[White "Almond, Richard"]
[Black "Weber, Tom"]
[Result "0-1"]
[WhiteElo "2141"]
[BlackElo "2211"]
[PlyCount "82"]
[EventDate "2005.05.02"]
[SourceDate "2004.09.21"]

1. d4 Nf6 2. c4 g6 3. Nc3 d5 4. Bf4 Bg7 5. e3 c5 6. dxc5 Qa5 7. Rc1 dxc4 8.
Bxc4 O-O 9. Nf3 Qxc5 10. Qb3 Nc6 11. Qb5 Qh5 12. Qxh5 Nxh5 13. Bb5 Nxf4 14.
exf4 Bd7 15. O-O Rfd8 16. Rfe1 Kf8 17. Na4 Be8 18. Nc5 Rd5 19. b3 Bb2 20. Rc2
Ba3 21. Bxc6 Bxc6 22. Ne4 Bb4 23. Ra1 Rad8 24. Rcc1 f6 25. h3 Kf7 26. a3 Ba5
27. b4 Bc7 28. Nc3 R5d7 29. Ne2 Bb6 30. Nh2 Rd2 31. Re1 Rb2 32. Rab1 Rxb1 33.
Rxb1 Rd2 34. Re1 Ra2 35. Nf1 Bb5 36. Nfg3 a5 37. Kf1 a4 38. Rc1 f5 39. Ke1 Rxa3
40. Nc3 Bc6 41. Kf1 Rb3 0-1

[Event "4NCL/Div2/SWD1 vs. BRI2"]
[Site "West Bromwich ENG"]
[Date "2005.05.02"]
[Round "11.1"]
[White "Williams, Leighton"]
[Black "Dilleigh, Stephen P"]
[Result "1-0"]
[WhiteElo "2336"]
[BlackElo "2161"]
[PlyCount "65"]
[EventDate "2005.05.02"]
[SourceDate "2004.09.21"]

1. d4 d5 2. c4 c6 3. Nf3 Nf6 4. Nc3 dxc4 5. a4 Bf5 6. e3 e6 7. Bxc4 Bb4 8. O-O
O-O 9. Nh4 Nbd7 10. Nxf5 exf5 11. Qf3 g6 12. Na2 Bd6 13. b4 Qe7 14. Rb1 Rac8
15. Rd1 Ne4 16. Bd2 Nxd2 17. Rxd2 Rfd8 18. Rdb2 Nf6 19. Nc1 Qe4 20. Nd3 Qxf3
21. gxf3 Rc7 22. Rc2 Rdc8 23. Nc5 Kg7 24. Nxb7 Rxb7 25. Ba6 Rcb8 26. Bxb7 Rxb7
27. Rxc6 Bxb4 28. a5 Rb8 29. Rc4 Bd6 30. Rxb8 Bxb8 31. Rc8 Bd6 32. Ra8 h5 33.
a6 1-0

[Event "4NCL/Div2/SWD1 vs. BRI2"]
[Site "West Bromwich ENG"]
[Date "2005.05.02"]
[Round "11.2"]
[White "Collier, David O"]
[Black "Jones, Richard S"]
[Result "0-1"]
[WhiteElo "2130"]
[BlackElo "2320"]
[PlyCount "70"]
[EventDate "2005.05.02"]
[SourceDate "2004.09.21"]

1. d4 Nf6 2. Bg5 d5 3. Bxf6 exf6 4. e3 Bd6 5. g3 c6 6. Bg2 Qb6 7. b3 f5 8. Qd3
Qa6 9. Qxa6 Nxa6 10. Ne2 O-O 11. O-O Be6 12. Rc1 Nb8 13. c4 Nd7 14. a3 Nf6 15.
c5 Bc7 16. Nbc3 Rae8 17. b4 Bd7 18. b5 Ne4 19. Ra2 g5 20. Bh3 Bc8 21. Rb2 Kh8
22. Na4 a5 23. bxc6 bxc6 24. Nb6 Be6 25. Bf1 Rg8 26. Nc3 Nxc3 27. Rxc3 f4 28.
Ba6 Bh3 29. Bb7 Rg6 30. Rcb3 Rf6 31. Na8 fxe3 32. f3 Rxf3 33. Rb1 Rf6 34. Nxc7
e2 35. Ba6 e1=Q+ 0-1

[Event "4NCL/Div2/SWD1 vs. BRI2"]
[Site "West Bromwich ENG"]
[Date "2005.05.02"]
[Round "11.3"]
[White "Dineley, Richard D P"]
[Black "Sasot Samplon, Eloy"]
[Result "1-0"]
[WhiteElo "2299"]
[BlackElo "2141"]
[PlyCount "73"]
[EventDate "2005.05.02"]
[SourceDate "2004.09.21"]

1. e4 c6 2. d4 d5 3. exd5 cxd5 4. c4 Nf6 5. Nc3 Nc6 6. Nf3 Bg4 7. cxd5 Nxd5 8.
Qb3 Bxf3 9. gxf3 Nb6 10. d5 Nd4 11. Bb5+ Nd7 12. Qa4 Nxf3+ 13. Kf1 Nfe5 14. Bf4
a6 15. Bxd7+ Nxd7 16. d6 b5 17. Qe4 Rc8 18. Nd5 Nf6 19. Nc7+ Kd7 20. Qb7 Rb8
21. Qa7 Qc8 22. dxe7 Kxe7 23. Re1+ Kd8 24. Rd1+ Nd7 25. Kg2 Qb7+ 26. Qxb7 Rxb7
27. Nxa6 Be7 28. Nb8 g5 29. Nc6+ Ke8 30. Rhe1 gxf4 31. Rxe7+ Kf8 32. Rdxd7 Rxd7
33. Rxd7 Rg8+ 34. Kf3 Rg6 35. Ne5 Rh6 36. Rxf7+ Ke8 37. Rb7 1-0

[Event "4NCL/Div2/SWD1 vs. BRI2"]
[Site "West Bromwich ENG"]
[Date "2005.05.02"]
[Round "11.4"]
[White "Curtis, John"]
[Black "James, David J"]
[Result "1/2-1/2"]
[WhiteElo "2126"]
[BlackElo "2236"]
[PlyCount "25"]
[EventDate "2005.05.02"]
[SourceDate "2004.09.21"]

1. d4 Nf6 2. Nf3 b6 3. e3 e6 4. Nbd2 d5 5. Bd3 Be7 6. O-O O-O 7. b3 c5 8. Ne5
Bb7 9. f4 Ne4 10. Bb2 f6 11. Nef3 Nd7 12. c4 f5 13. Rc1 1/2-1/2

[Event "4NCL/Div2/SWD1 vs. BRI2"]
[Site "West Bromwich ENG"]
[Date "2005.05.02"]
[Round "11.5"]
[White "Blackburn, Jonathan L B"]
[Black "Chaplin, Peter"]
[Result "1-0"]
[WhiteElo "2179"]
[BlackElo "2051"]
[PlyCount "49"]
[EventDate "2005.05.02"]
[SourceDate "2004.09.21"]

1. d4 d5 2. c4 c6 3. Nf3 Nf6 4. Nc3 e6 5. Bg5 Nbd7 6. cxd5 exd5 7. a3 Be7 8. e3
O-O 9. Bd3 h6 10. Bf4 Re8 11. b4 a6 12. Qb3 Nh5 13. Be5 Nxe5 14. dxe5 Bf8 15.
h3 g6 16. Rd1 Qc7 17. Qc2 Ng7 18. Nxd5 Qb8 19. Nf6+ Kh8 20. Nxe8 Nxe8 21. Bxg6
Be6 22. Bf5 Ng7 23. Bxe6 Nxe6 24. O-O Bg7 25. Rd7 1-0

[Event "4NCL/Div2/SWD1 vs. BRI2"]
[Site "West Bromwich ENG"]
[Date "2005.05.02"]
[Round "11.6"]
[White "Easton, Alex"]
[Black "Zeidler, Sven P"]
[Result "1/2-1/2"]
[WhiteElo "2103"]
[BlackElo "2190"]
[PlyCount "45"]
[EventDate "2005.05.02"]
[SourceDate "2004.09.21"]

1. Nf3 f5 2. d4 Nf6 3. g3 g6 4. Bg2 Bg7 5. c4 d6 6. b4 O-O 7. Bb2 c6 8. O-O h6
9. Nbd2 e5 10. dxe5 Ng4 11. Qc2 Nxe5 12. Rad1 Qc7 13. c5 d5 14. Nxe5 Bxe5 15.
Bxe5 Qxe5 16. Nf3 Qe7 17. Nd4 Be6 18. e3 Nd7 19. Rfe1 Nf6 20. a4 Rac8 21. Rc1
a6 22. f3 Bd7 23. Rcd1 1/2-1/2

[Event "4NCL/Div2/SWD1 vs. BRI2"]
[Site "West Bromwich ENG"]
[Date "2005.05.02"]
[Round "11.7"]
[White "Rayner, Francis"]
[Black "Humphreys, Jerry"]
[Result "1/2-1/2"]
[WhiteElo "2200"]
[BlackElo "2100"]
[PlyCount "55"]
[EventDate "2005.05.02"]
[SourceDate "2004.09.21"]

1. e4 c5 2. Nf3 e6 3. d3 Nc6 4. g3 g6 5. d4 cxd4 6. Nxd4 Nxd4 7. Qxd4 Qf6 8. e5
Qf3 9. Rg1 Bg7 10. Nd2 Qh5 11. Nc4 d5 12. Nd6+ Kf8 13. f4 Ne7 14. Qc5 Bd7 15.
Be3 Bc6 16. h3 b6 17. Qa3 f5 18. exf6 Bxf6 19. g4 Bh4+ 20. Kd1 Qh6 21. Qc3 d4
22. Qxd4 Qg7 23. Qxg7+ Kxg7 24. Bd4+ Bf6 25. Bxf6+ Kxf6 26. Bd3 Rhf8 27. Ke2
Nd5 28. f5 1/2-1/2

[Event "4NCL/Div2/SWD1 vs. BRI2"]
[Site "West Bromwich ENG"]
[Date "2005.05.02"]
[Round "11.8"]
[White "Mihajlova, Diana"]
[Black "Smith, Olivia"]
[Result "0-1"]
[WhiteElo "1850"]
[BlackElo "1897"]
[PlyCount "106"]
[EventDate "2005.05.02"]
[SourceDate "2004.09.21"]

1. d4 Nf6 2. c4 e5 3. dxe5 Ng4 4. e4 Nxe5 5. Bd2 Nbc6 6. Be2 Bc5 7. Nf3 Nxf3+
8. Bxf3 Ne5 9. Bc3 Qf6 10. O-O Nxf3+ 11. Qxf3 Qxf3 12. gxf3 d6 13. Bxg7 Rg8 14.
Rd1 Rxg7+ 15. Kf1 Bh3+ 16. Ke2 Rg2 17. Kd3 Rxf2 18. Nd2 Bb4 19. Ke3 Rxd2 20.
Rxd2 Bxd2+ 21. Kxd2 O-O-O 22. Rg1 Be6 23. b3 f5 24. Rg7 fxe4 25. Re7 Bf5 26.
fxe4 Bg6 27. h4 Re8 28. Rxe8+ Bxe8 29. Ke3 Kd7 30. Kd4 Ke6 31. a4 b6 32. b4 c5+
33. Kc3 Bxa4 34. b5 Ke5 35. Kd3 Bb3 36. h5 Bxc4+ 37. Kxc4 Kxe4 38. Kc3 d5 39.
Kd2 d4 40. Ke2 c4 41. h6 d3+ 42. Kd2 Kd4 43. Ke1 Ke3 44. Kd1 c3 45. Kc1 c2 46.
Kb2 Ke2 47. Kc1 d2+ 48. Kxc2 d1=Q+ 49. Kc3 Qd3+ 50. Kb2 Qc4 51. Kb1 Kd2 52. Ka1
Qb4 53. Ka2 Kc2 0-1

[Event "4NCL/Div2/WGR3 vs. NWE2"]
[Site "West Bromwich ENG"]
[Date "2005.05.02"]
[Round "11.1"]
[White "Littlewood, Paul E"]
[Black "Charleshouse, Glenn L"]
[Result "1-0"]
[WhiteElo "2365"]
[BlackElo "2212"]
[PlyCount "111"]
[EventDate "2005.05.02"]
[SourceDate "2004.09.21"]

1. d4 Nf6 2. c4 e6 3. Nf3 Bb4+ 4. Bd2 Qe7 5. g3 Nc6 6. Bg2 Bxd2+ 7. Nbxd2 d6 8.
O-O O-O 9. e4 e5 10. d5 Nb8 11. Ne1 a5 12. Nd3 Na6 13. f4 Nd7 14. Qe2 Nac5 15.
Rae1 Nxd3 16. Qxd3 f6 17. b3 Nc5 18. Qe3 Bd7 19. a3 b5 20. b4 Na6 21. Qc3 Rfc8
22. Rb1 c6 23. dxc6 axb4 24. axb4 Bxc6 25. Rfc1 Qb7 26. Qe3 Kh8 27. f5 Rd8 28.
Rb2 Be8 29. Bf1 Rab8 30. Ra1 Ra8 31. Nb3 Nc7 32. Na5 Qa7 33. Qxa7 Rxa7 34. Rd1
bxc4 35. Bxc4 Rb8 36. Rdd2 h6 37. Kf2 Rb6 38. Ke3 Kh7 39. Be2 Bb5 40. Bh5 Be8
41. Nc4 Rc6 42. Bxe8 Nxe8 43. Rdc2 Rb7 44. b5 Rc5 45. b6 d5 46. exd5 Rxd5 47.
Rd2 Rc5 48. Rb4 g6 49. Ra2 Ng7 50. Ra7 Rb8 51. g4 gxf5 52. gxf5 h5 53. Ke4 Kh6
54. b7 Rc7 55. Nd6 Rd7 56. Ra8 1-0

[Event "4NCL/Div2/WGR3 vs. NWE2"]
[Site "West Bromwich ENG"]
[Date "2005.05.02"]
[Round "11.2"]
[White "Hague, Ben"]
[Black "Sowray, Peter J"]
[Result "1-0"]
[WhiteElo "2264"]
[BlackElo "2342"]
[PlyCount "193"]
[EventDate "2005.05.02"]
[SourceDate "2004.09.21"]

1. e4 c5 2. d4 cxd4 3. c3 Nf6 4. e5 Nd5 5. Nf3 e6 6. Bc4 Nb6 7. Bd3 d6 8. cxd4
Nc6 9. a3 dxe5 10. dxe5 Qc7 11. Bf4 Nd5 12. Bg3 Qb6 13. Qe2 Bc5 14. O-O Bd7 15.
Nbd2 Be7 16. Nc4 Nd4 17. Nxd4 Qxd4 18. Rfd1 Nf4 19. Bxf4 Qxf4 20. Be4 Bc6 21.
Bxc6+ bxc6 22. g3 Qf5 23. Nd6+ Bxd6 24. Rxd6 O-O 25. Rxc6 Rfd8 26. Rac1 h5 27.
R6c4 Rd5 28. Qe4 Qxe4 29. Rxe4 Rb8 30. b4 a5 31. Kg2 axb4 32. axb4 Rbb5 33.
Rc8+ Kh7 34. Rc7 Rxe5 35. Rxe5 Rxe5 36. Rxf7 Re2 37. Kf3 Rb2 38. Rf4 g5 39. Re4
Kg7 40. h3 Kf6 41. Ke3 Rb3+ 42. Kd2 Kf5 43. Rc4 Rf3 44. b5 Rxf2+ 45. Kc3 Rf3+
46. Kb2 Ke5 47. b6 Rf8 48. b7 Rb8 49. Rb4 Kd6 50. Kc3 Kc7 51. Kd4 Rd8+ 52. Ke5
Kb8 53. Rb3 Rf8 54. Kxe6 Rf1 55. Rb5 Rh1 56. Rxg5 Rxh3 57. Rg7 Ka7 58. Kf5 Kb8
59. Kf4 Ka7 60. Rh7 Kb8 61. Kf3 Rh2 62. Ke3 Ka7 63. Kf4 Rh3 64. Kf3 Rh2 65. Re7
Kb8 66. Re2 Rh1 67. Rb2 Rf1+ 68. Kg2 Rf5 69. Kh3 Rg5 70. Kh4 Rd5 71. Rb6 Re5
72. Rh6 Kxb7 73. Rxh5 Re8 74. Rc5 Rh8+ 75. Kg4 Rg8+ 76. Kf4 Rf8+ 77. Rf5 Rg8
78. Rc5 Rf8+ 79. Ke3 Rg8 80. Kf3 Rf8+ 81. Kg2 Rg8 82. Rc1 Kb6 83. Kf3 Rf8+ 84.
Ke4 Rg8 85. Kf4 Rf8+ 86. Ke5 Rg8 87. Rg1 Kc6 88. g4 Kd7 89. Kf6 Ke8 90. Re1+
Kd7 91. g5 Rf8+ 92. Kg7 Rf2 93. g6 Rg2 94. Kf7 Rf2+ 95. Kg8 Rg2 96. g7 Rh2 97.
Re4 1-0